000 00587nam a22002057a 4500
005 20251108170957.0
008 250721s1992 xx 000 0 ara d
082 1 4 _aط/ 591.91/ حيو
245 1 0 _aحيوانات الصحراء و طيورها /
250 _aط2
264 1 _aبيروت :
_bمكتبة لبنان،
_c1992.
300 _a31ص
490 0 _aكتب الفراشة
650 1 7 _aالحيوانات
650 1 7 _aالطيور
650 1 7 _aالصحاري
653 _aاطفال مرحله متوسطه (6-9) سنوات
942 _2ddc
_cBK
999 _c53483
_d53483